000 00789nam a22002295i 4500
001 168834
003 ES-MaACL
005 20250804062605.0
008 080613s1990 sp |||| | spa d
020 _a84-206-0456-9
080 _a929 Vespucci, Amerigo
100 1 _aArciniegas, Germán.
_922498
245 1 0 _aAmerigo y el Nuevo Mundo /
_cGermán Arciniegas.
260 _aMadrid :
_bAlianza Editorial,
_c[1990]
300 _a364 p. ;
_c18 cm.
490 1 _aEl libro de bolsillo ;
_v1456.
_aHumanidades
500 _aBibliografía : p. 354-362.
600 1 4 _aVespucci, Amerigo.
_9114224
830 0 3 _aEl libro de bolsillo.
_pHumanidades
_v1456.
_9178672
852 _aES-MaACL
_jE-12180
_9R.190427
_z.- Biblioteca Jacinto Martínez Lacalle
999 _c168834
_d168834